00567nam a2200205 a 4500001001300000003000900013005001700022008004100039020001000080082001600090100002600106245004100132260003500173300000900208500003500217505001000252650003600262650003700298700002600335nice12345678IN_TiNIC20260116013859.0050524s1974 newa grp 000 0 eng  ac19600a232.09bSCH aSchillebeeckx, Edward aJesusb an Experiment in Christology aNew YorkbVintage Books c1974 a767p aincludes index and biblioraphy2 aIndex aJesus Christ-Person and Offices aJesus Christ-History of Doctrine1 aSchillebeeckx, Edward